| 000 | 00401 a2200169 4500 | ||
|---|---|---|---|
| 001 | 131420 | ||
| 003 | OSt | ||
| 005 | 20210913124656.0 | ||
| 008 | |||
| 082 |
_a519.3 _bB51G |
||
| 100 | 1 | _aBinmore, Ken | |
| 245 | 1 |
_aGame theory _cby Ken Binmore |
|
| 260 |
_aNew york _bOxford university press _c2007 |
||
| 300 | _a184p. | ||
| 690 | _aGame theory | ||
| 942 |
_2ddc _cBK |
||
| 999 |
_c5902 _d5902 |
||